000 00977nam a22002537a 4500
003 BD-DhSAU
005 20161027120831.0
008 160822b2014 bg ||||| |||| 001 0 eng d
040 _aBD-DhSAU
082 _222
_a635
_bAk79
100 _aAkter, Kohinur
_eRegistration # 08-02717
245 _aEffect of different levels of vermicompost on the growth and yield of cabbage /
_bMS thesis
260 _aSher-e-Bangla Agricultural University :
_bDepartment of Horticulture,
_c2014
300 _axi, 88 p. :
_bill. ;
_c30 cm.
500 _aMS thesis of Department of Horticulture, Faculty of Agriculture, Sher-e-Bangla Agricultural University, Dhaka
590 _aMd. Sirajul Islam
650 _aHorticulture
650 _aGrowth
650 _aCabbage
700 _aIslam, Md. Nazrul
_eSupervisor
700 _aAkand, Md. Hasanuzzaman
_eCo-Supervisor
856 _uhttp://archive.saulibrary.edu.bd:8080/handle/123456789/824
_yOnline Access
942 _2ddc
_cTHESIS
999 _c13503
_d13502